Climatología

Enregistré dans:
Détails bibliographiques
Auteur principal: Koeppen, Wilhelm (Auteur)
Format: Livre
Langue:espagnol
Publié: Ciudad de México Fondo de Cultura Económica 1931
Édition:2a. ed
Sujets:
Tags: Ajouter un tag
Pas de tags, Soyez le premier à ajouter un tag!

MARC

LEADER 00000nam a2200000 a 4500
001 UCU5837
003 CL-VaPUC
008 960614e19310000mx |||||||||||||||||spa|d
082 0 4 |a 551.6  |b KOE  |2 21 
100 |a Koeppen, Wilhelm  |e author  |9 363867 
245 1 0 |a Climatología 
250 |a 2a. ed 
300 |a 478 p 
942 |c BK 
945 |d 19960614 00:00:00  |a cmena 
260 |a Ciudad de México  |b Fondo de Cultura Económica  |c 1931 
650 7 |a METEOROLOGIA  |2 CL-VaPUC  |9 260030 
650 0 |a Cambios climáticos   |9 262050 
650 7 |a RADIACION SOLAR  |2 CL-VaPUC  |9 350685 
650 7 |a REGIONES CLIMATICAS  |2 CL-VaPUC  |9 267906 
650 7 |a TEMPERATURA  |2 CL-VaPUC  |9 363868 
650 7 |a HUMEDAD  |2 CL-VaPUC  |9 259412 
583 |a last modification  |c 20171227 05:58:09  |k Rodrigo Vera 
999 |c 249010  |d 249008 
952 |0 0  |1 0  |4 0  |6 551_600000000000000_KOE_1931  |7 0  |8 A  |9 266001  |a BIBING  |b BIBING  |d 2019-11-19  |i 1679783  |o 551.6 KOE 1931  |p 1679783  |r 2025-01-20  |w 2019-11-19  |y BK  |k GEO